Statistiken für Schnelle Mathematik - Multiplikation Level 19

Klicken Sie hier um das Quiz zu spielen!

Allgemein

  • Dieses Quiz wurde 38 mal gespielt
    (15 seit der letzten Aktualisierung)
  • Das Durchschnittsergebnis liegt bei 14 aus 20

Antwortstatistiken

FrageAntwort% Korrekt
7⋅16112
100%
6⋅19114
100%
4⋅312
100%
12⋅112
100%
20⋅6120
100%
15⋅8120
100%
7⋅18126
100%
6⋅21126
100%
10⋅13130
100%
19⋅7133
100%
9⋅15135
100%
6⋅23138
100%
14⋅114
100%
21⋅7147
100%
10⋅15150
100%
6⋅25150
100%
18⋅9162
100%
8⋅21168
100%
1⋅1818
100%
9⋅218
100%
12⋅17204
100%
11⋅20220
100%
1⋅2323
100%
21⋅11231
100%
8⋅324
100%
11⋅23253
100%
15⋅17255
100%
22⋅13286
100%
21⋅16336
100%
24⋅14336
100%
14⋅25350
100%
18⋅236
100%
2⋅1938
100%
4⋅1040
100%
23⋅19437
100%
4⋅1144
100%
20⋅23460
100%
21⋅22462
100%
12⋅448
100%
24⋅20480
100%
4⋅1352
100%
22⋅24528
100%
23⋅23529
100%
7⋅856
100%
14⋅456
100%
6⋅16
100%
3⋅26
100%
5⋅1260
100%
12⋅560
100%
25⋅25625
100%
5⋅1365
100%
24⋅372
100%
12⋅896
100%
8⋅13104
50%
5⋅210
0%
10⋅110
0%
10⋅10100
0%
25⋅4100
0%
4⋅25100
0%
20⋅5100
0%
5⋅20100
0%
100⋅101000
0%
17⋅6102
0%
6⋅17102
0%
32⋅321024
0%
13⋅8104
0%
5⋅21105
0%
15⋅7105
0%
21⋅5105
0%
7⋅15105
0%
9⋅12108
0%
18⋅6108
0%
12⋅9108
0%
6⋅18108
0%
33⋅331089
0%
11⋅111
0%
1⋅1111
0%
10⋅11110
0%
5⋅22110
0%
22⋅5110
0%
11⋅10110
0%
8⋅14112
0%
16⋅7112
0%
14⋅8112
0%
19⋅6114
0%
5⋅23115
0%
23⋅5115
0%
34⋅341156
0%
13⋅9117
0%
9⋅13117
0%
7⋅17119
0%
17⋅7119
0%
6⋅212
0%
3⋅412
0%
1⋅1212
0%
24⋅5120
0%
10⋅12120
0%
5⋅24120
0%
12⋅10120
0%
6⋅20120
0%
8⋅15120
0%
11⋅11121
0%
35⋅351225
0%
5⋅25125
0%
25⋅5125
0%
21⋅6126
0%
9⋅14126
0%
18⋅7126
0%
14⋅9126
0%
16⋅8128
0%
8⋅16128
0%
1⋅1313
0%
13⋅113
0%
13⋅10130
0%
22⋅6132
0%
12⋅11132
0%
11⋅12132
0%
6⋅22132
0%
7⋅19133
0%
15⋅9135
0%
17⋅8136
0%
8⋅17136
0%
23⋅6138
0%
1⋅1414
0%
7⋅214
0%
20⋅7140
0%
7⋅20140
0%
14⋅10140
0%
10⋅14140
0%
11⋅13143
0%
13⋅11143
0%
18⋅8144
0%
6⋅24144
0%
24⋅6144
0%
9⋅16144
0%
8⋅18144
0%
12⋅12144
0%
16⋅9144
0%
7⋅21147
0%
5⋅315
0%
1⋅1515
0%
15⋅115
0%
3⋅515
0%
25⋅6150
0%
15⋅10150
0%
8⋅19152
0%
19⋅8152
0%
17⋅9153
0%
9⋅17153
0%
22⋅7154
0%
7⋅22154
0%
11⋅14154
0%
14⋅11154
0%
13⋅12156
0%
12⋅13156
0%
8⋅216
0%
4⋅416
0%
1⋅1616
0%
16⋅116
0%
20⋅8160
0%
16⋅10160
0%
8⋅20160
0%
10⋅16160
0%
23⋅7161
0%
7⋅23161
0%
9⋅18162
0%
15⋅11165
0%
11⋅15165
0%
14⋅12168
0%
7⋅24168
0%
12⋅14168
0%
21⋅8168
0%
24⋅7168
0%
13⋅13169
0%
17⋅117
0%
1⋅1717
0%
17⋅10170
0%
10⋅17170
0%
9⋅19171
0%
19⋅9171
0%
25⋅7175
0%
7⋅25175
0%
11⋅16176
0%
22⋅8176
0%
16⋅11176
0%
8⋅22176
0%
18⋅118
0%
3⋅618
0%
6⋅318
0%
12⋅15180
0%
9⋅20180
0%
10⋅18180
0%
18⋅10180
0%
15⋅12180
0%
20⋅9180
0%
14⋅13182
0%
13⋅14182
0%
8⋅23184
0%
23⋅8184
0%
17⋅11187
0%
11⋅17187
0%
9⋅21189
0%
21⋅9189
0%
1⋅1919
0%
19⋅119
0%
10⋅19190
0%
19⋅10190
0%
16⋅12192
0%
24⋅8192
0%
12⋅16192
0%
8⋅24192
0%
13⋅15195
0%
15⋅13195
0%
14⋅14196
0%
9⋅22198
0%
22⋅9198
0%
11⋅18198
0%
18⋅11198
0%
20⋅120
0%
4⋅520
0%
1⋅2020
0%
10⋅220
0%
5⋅420
0%
25⋅8200
0%
20⋅10200
0%
10⋅20200
0%
8⋅25200
0%
17⋅12204
0%
9⋅23207
0%
23⋅9207
0%
13⋅16208
0%
16⋅13208
0%
19⋅11209
0%
11⋅19209
0%
21⋅121
0%
7⋅321
0%
3⋅721
0%
1⋅2121
0%
10⋅21210
0%
15⋅14210
0%
21⋅10210
0%
14⋅15210
0%
12⋅18216
0%
36⋅6216
0%
18⋅12216
0%
9⋅24216
0%
24⋅9216
0%
2⋅1122
0%
22⋅122
0%
11⋅222
0%
1⋅2222
0%
22⋅10220
0%
10⋅22220
0%
20⋅11220
0%
13⋅17221
0%
17⋅13221
0%
16⋅14224
0%
14⋅16224
0%
9⋅25225
0%
15⋅15225
0%
25⋅9225
0%
19⋅12228
0%
12⋅19228
0%
23⋅123
0%
23⋅10230
0%
10⋅23230
0%
11⋅21231
0%
13⋅18234
0%
18⋅13234
0%
17⋅14238
0%
14⋅17238
0%
3⋅824
0%
2⋅1224
0%
6⋅424
0%
1⋅2424
0%
12⋅224
0%
24⋅124
0%
4⋅624
0%
12⋅20240
0%
16⋅15240
0%
20⋅12240
0%
24⋅10240
0%
10⋅24240
0%
15⋅16240
0%
22⋅11242
0%
11⋅22242
0%
81⋅3243
0%
27⋅9243
0%
13⋅19247
0%
19⋅13247
0%
5⋅525
0%
25⋅125
0%
1⋅2525
0%
25⋅10250
0%
10⋅25250
0%
14⋅18252
0%
18⋅14252
0%
12⋅21252
0%
21⋅12252
0%
23⋅11253
0%
17⋅15255
0%
64⋅4256
0%
16⋅16256
0%
13⋅226
0%
2⋅1326
0%
13⋅20260
0%
20⋅13260
0%
11⋅24264
0%
12⋅22264
0%
22⋅12264
0%
24⋅11264
0%
19⋅14266
0%
14⋅19266
0%
3⋅927
0%
9⋅327
0%
18⋅15270
0%
15⋅18270
0%
17⋅16272
0%
16⋅17272
0%
21⋅13273
0%
13⋅21273
0%
11⋅25275
0%
25⋅11275
0%
12⋅23276
0%
23⋅12276
0%
14⋅228
0%
4⋅728
0%
7⋅428
0%
2⋅1428
0%
14⋅20280
0%
20⋅14280
0%
19⋅15285
0%
15⋅19285
0%
13⋅22286
0%
24⋅12288
0%
18⋅16288
0%
16⋅18288
0%
12⋅24288
0%
17⋅17289
0%
21⋅14294
0%
14⋅21294
0%
23⋅13299
0%
13⋅23299
0%
3⋅13
0%
5⋅630
0%
15⋅230
0%
3⋅1030
0%
10⋅330
0%
6⋅530
0%
2⋅1530
0%
12⋅25300
0%
20⋅15300
0%
25⋅12300
0%
15⋅20300
0%
19⋅16304
0%
16⋅19304
0%
17⋅18306
0%
18⋅17306
0%
14⋅22308
0%
22⋅14308
0%
24⋅13312
0%
13⋅24312
0%
21⋅15315
0%
15⋅21315
0%
2⋅1632
0%
16⋅232
0%
4⋅832
0%
8⋅432
0%
16⋅20320
0%
20⋅16320
0%
23⋅14322
0%
14⋅23322
0%
17⋅19323
0%
19⋅17323
0%
18⋅18324
0%
13⋅25325
0%
25⋅13325
0%
3⋅1133
0%
11⋅333
0%
22⋅15330
0%
15⋅22330
0%
14⋅24336
0%
16⋅21336
0%
2⋅1734
0%
17⋅234
0%
20⋅17340
0%
17⋅20340
0%
18⋅19342
0%
19⋅18342
0%
49⋅7343
0%
15⋅23345
0%
23⋅15345
0%
7⋅535
0%
5⋅735
0%
25⋅14350
0%
16⋅22352
0%
22⋅16352
0%
21⋅17357
0%
17⋅21357
0%
9⋅436
0%
4⋅936
0%
6⋅636
0%
2⋅1836
0%
3⋅1236
0%
12⋅336
0%
15⋅24360
0%
24⋅15360
0%
18⋅20360
0%
20⋅18360
0%
19⋅19361
0%
23⋅16368
0%
16⋅23368
0%
17⋅22374
0%
22⋅17374
0%
25⋅15375
0%
15⋅25375
0%
18⋅21378
0%
21⋅18378
0%
19⋅238
0%
20⋅19380
0%
19⋅20380
0%
24⋅16384
0%
16⋅24384
0%
13⋅339
0%
3⋅1339
0%
17⋅23391
0%
23⋅17391
0%
22⋅18396
0%
18⋅22396
0%
19⋅21399
0%
21⋅19399
0%
4⋅14
0%
20⋅240
0%
2⋅2040
0%
10⋅440
0%
8⋅540
0%
5⋅840
0%
20⋅20400
0%
25⋅16400
0%
16⋅25400
0%
24⋅17408
0%
17⋅24408
0%
18⋅23414
0%
23⋅18414
0%
19⋅22418
0%
22⋅19418
0%
2⋅2142
0%
3⋅1442
0%
7⋅642
0%
6⋅742
0%
21⋅242
0%
14⋅342
0%
21⋅20420
0%
20⋅21420
0%
25⋅17425
0%
17⋅25425
0%
18⋅24432
0%
24⋅18432
0%
19⋅23437
0%
11⋅444
0%
22⋅244
0%
2⋅2244
0%
22⋅20440
0%
20⋅22440
0%
21⋅21441
0%
5⋅945
0%
3⋅1545
0%
15⋅345
0%
9⋅545
0%
18⋅25450
0%
25⋅18450
0%
24⋅19456
0%
19⋅24456
0%
2⋅2346
0%
23⋅246
0%
23⋅20460
0%
22⋅21462
0%
25⋅19475
0%
19⋅25475
0%
8⋅648
0%
4⋅1248
0%
16⋅348
0%
3⋅1648
0%
24⋅248
0%
2⋅2448
0%
6⋅848
0%
20⋅24480
0%
21⋅23483
0%
23⋅21483
0%
22⋅22484
0%
7⋅749
0%
5⋅15
0%
5⋅1050
0%
10⋅550
0%
25⋅250
0%
2⋅2550
0%
20⋅25500
0%
25⋅20500
0%
24⋅21504
0%
21⋅24504
0%
22⋅23506
0%
23⋅22506
0%
3⋅1751
0%
17⋅351
0%
64⋅8512
0%
13⋅452
0%
25⋅21525
0%
21⋅25525
0%
24⋅22528
0%
9⋅654
0%
3⋅1854
0%
18⋅354
0%
6⋅954
0%
11⋅555
0%
5⋅1155
0%
22⋅25550
0%
25⋅22550
0%
24⋅23552
0%
23⋅24552
0%
8⋅756
0%
4⋅1456
0%
3⋅1957
0%
19⋅357
0%
25⋅23575
0%
23⋅25575
0%
24⋅24576
0%
6⋅1060
0%
10⋅660
0%
20⋅360
0%
4⋅1560
0%
3⋅2060
0%
15⋅460
0%
25⋅24600
0%
24⋅25600
0%
125⋅5625
0%
21⋅363
0%
7⋅963
0%
9⋅763
0%
3⋅2163
0%
4⋅1664
0%
16⋅464
0%
8⋅864
0%
13⋅565
0%
11⋅666
0%
6⋅1166
0%
22⋅366
0%
3⋅2266
0%
26⋅26676
0%
4⋅1768
0%
17⋅468
0%
23⋅369
0%
3⋅2369
0%
7⋅17
0%
5⋅1470
0%
14⋅570
0%
7⋅1070
0%
10⋅770
0%
6⋅1272
0%
8⋅972
0%
18⋅472
0%
3⋅2472
0%
4⋅1872
0%
9⋅872
0%
12⋅672
0%
27⋅27729
0%
81⋅9729
0%
25⋅375
0%
5⋅1575
0%
3⋅2575
0%
15⋅575
0%
4⋅1976
0%
19⋅476
0%
11⋅777
0%
7⋅1177
0%
6⋅1378
0%
13⋅678
0%
28⋅28784
0%
8⋅18
0%
4⋅28
0%
5⋅1680
0%
4⋅2080
0%
20⋅480
0%
8⋅1080
0%
16⋅580
0%
10⋅880
0%
9⋅981
0%
27⋅381
0%
4⋅2184
0%
14⋅684
0%
21⋅484
0%
7⋅1284
0%
6⋅1484
0%
12⋅784
0%
29⋅29841
0%
5⋅1785
0%
17⋅585
0%
8⋅1188
0%
4⋅2288
0%
22⋅488
0%
11⋅888
0%
3⋅39
0%
9⋅19
0%
5⋅1890
0%
18⋅590
0%
9⋅1090
0%
10⋅990
0%
6⋅1590
0%
15⋅690
0%
30⋅30900
0%
13⋅791
0%
7⋅1391
0%
23⋅492
0%
4⋅2392
0%
19⋅595
0%
5⋅1995
0%
24⋅496
0%
16⋅696
0%
4⋅2496
0%
8⋅1296
0%
6⋅1696
0%
31⋅31961
0%
7⋅1498
0%
14⋅798
0%
11⋅999
0%
9⋅1199
0%

Verteilung der Resultate

Perzentil nach korrekt beantworteten Fragen

Anzahl Personen mit jedem Resultat

Ihre Resultats-Entwicklung

Sie haben dieses Quiz seit der letzten Aktualisierung nicht gespielt